Statistics for All 112 Bugsnax

Click here to take the quiz!

General Stats

  • This quiz has been taken 73 times
  • The average score is 53 of 112

Answer Stats

Answer% Correct
1Flavor FallsStrabby
91%
2Garden GroveBunger
86%
2Garden GroveWhite Strabby
71%
2Garden GroveFryder
69%
3Simmering SpringsOrange Peelbug
69%
1Flavor FallsSandopede
69%
1Flavor FallsSub Sandopede
69%
1Flavor FallsGreen Lollive
66%
4Scorched GorgeBBQ Bunger
63%
2Garden GroveCobhopper
63%
3Simmering SpringsRed Crapple
63%
2Garden GroveShishkabug
63%
2Garden GroveSweetiefly
63%
1Flavor FallsMama Mewon
60%
1Flavor FallsRuby Peelbug
60%
1Flavor FallsWee Mewon
60%
1Flavor FallsCaramel Poptick
57%
2Garden GroveDr. Sodie
57%
1Flavor FallsInchwrap
57%
3Simmering SpringsKweeble
57%
8Boiling BayMegamaki
57%
1Flavor FallsPinkle
57%
1Flavor FallsRootle
57%
4Scorched GorgeSpuddy
57%
1Flavor FallsWhite Rootle
57%
4Scorched GorgeCheepoof
54%
2Garden GroveCrispy Snakpod
54%
4Scorched GorgeGreen Peelbug
54%
6Sugarpine WoodsKwookie
54%
8Boiling BayMinimaki
54%
5Sizzlin' SandsMothza Supreme
54%
3Simmering SpringsRed Razzby
54%
7Frosted PeakScoopy
54%
7Frosted PeakBanopper
51%
6Sugarpine WoodsBig Bopsicle
51%
8Boiling BayGolden Kweeble
51%
4Scorched GorgePoptick
51%
5Sizzlin' SandsBombino
49%
6Sugarpine WoodsBopsicle
49%
10The Triplicate ZoneCappucceetle
49%
7Frosted PeakChippie
49%
8Boiling BayGreen Crapple
49%
3Simmering SpringsLovely Sweetiefly
49%
7Frosted PeakMt. Sodie
49%
5Sizzlin' SandsPreying Picantis
49%
7Frosted PeakScoopy Banoopy
49%
3Simmering SpringsTropicabug
49%
1Flavor FallsTwisty Snakpod
49%
2Garden GroveWeenyworm
49%
7Frosted PeakBaby Cakelegs
46%
5Sizzlin' SandsBlack Lollive
46%
5Sizzlin' SandsBlack Razzby
46%
9Broken ToothBunger Royale
46%
6Sugarpine WoodsCinnasnail
46%
7Frosted PeakDaddy Cakelegs
46%
3Simmering SpringsGrumpy Snakpod
46%
3Simmering SpringsPineantula
46%
8Boiling BayRed Banopper
46%
4Scorched GorgeScorpenyo
46%
4Scorched GorgeSweet Fryder
46%
4Scorched GorgeWhite Cheepoof
46%
3Simmering SpringsBaja Tacroach
43%
9Broken ToothCheddorb
43%
5Sizzlin' SandsCheezer
43%
9Broken ToothChocolant
43%
9Broken ToothDeviled Eggler
43%
8Boiling BayFlamin' Cheepoof
43%
5Sizzlin' SandsFlapjackarak
43%
6Sugarpine WoodsHunnabee
43%
8Boiling BayNoodler
43%
8Boiling BayPaletoss
43%
8Boiling BayPaletoss Grande
43%
4Scorched GorgeShy Weenyworm
43%
5Sizzlin' SandsTacroach
43%
3Simmering SpringsWaffstackarak
43%
7Frosted PeakAggroll
40%
6Sugarpine WoodsCharmallow
40%
7Frosted PeakCheery
40%
7Frosted PeakChillynilly
40%
4Scorched GorgeCrystal Sweetiefly
40%
5Sizzlin' SandsEggler
40%
6Sugarpine WoodsRainbow Sweetiefly
40%
3Simmering SpringsSnaquiri
40%
5Sizzlin' SandsSodie D
40%
9Broken ToothSpaghider
40%
6Sugarpine WoodsSprinklepede
40%
6Sugarpine WoodsYellow Peelbug
40%
9Broken ToothCellystix
37%
7Frosted PeakFlutterjam
37%
8Boiling BayFruity Snakpod
37%
3Simmering SpringsGreen Grapeskeeto
37%
5Sizzlin' SandsIncherrito
37%
7Frosted PeakInstabug
37%
5Sizzlin' SandsLoaded Spuddy
37%
5Sizzlin' SandsMeaty Snakpod
37%
7Frosted PeakMelty Snakpod
37%
6Sugarpine WoodsNutty Snakpod
37%
5Sizzlin' SandsScorpepper
37%
8Boiling BaySherbie
37%
9Broken ToothTikkada Masala
37%
5Sizzlin' SandsBuffalocust
34%
9Broken ToothClawbsteroni
34%
8Boiling BayLa Sodieux
34%
9Broken ToothMillimochi
34%
4Scorched GorgePuffy Snakpod
34%
7Frosted PeakStewdler
34%
8Boiling BayGreater Cocomite
31%
8Boiling BayLesser Cocomite
31%
4Scorched GorgeRibblepede
31%
9Broken ToothPielobite
29%
9Broken ToothCheddaboardle Rex
26%
8Boiling BayPurple Grapeskeeto
26%

Score Distribution

Percentile by Number Answered

Percent of People with Each Score

Your Score History

You have not taken this quiz